000 00419cam a2200145 4500500
005 20251228072923.0
041 _afre
042 _adc
100 1 0 _aCalin, Rodolphe
_eauthor
245 0 0 _aLexique lévinassien
260 _c2006.
500 _a76
786 0 _nCités | 25 | 1 | 2006-03-01 | p. 139-148 | 1299-5495
856 4 1 _uhttps://shs.cairn.info/revue-cites-2006-1-page-139?lang=fr&redirect-ssocas=7080
999 _c1594466
_d1594466